[Event "Titled Tuesday intern op 23rd Apr Late"]
[Site "Chess.com INT"]
[Date "2024.04.23"]
[Round "3"]
[White "Papayan, Oleg"]
[Black "Dilmukhametov, Artur"]
[Result "1-0"]
[WhiteElo "2183"]
[BlackElo "2276"]
[PlyCount "47"]
[EventDate "2024.04.23"]
[EventType "swiss (blitz)"]
[EventRounds "11"]
[EventCountry "USA"]
[SourceTitle "CB18_2024"]
[SourceDate "2024.05.01"]
[SourceVersion "1"]
[SourceVersionDate "2024.05.01"]
[SourceQuality "2"]

1. e4 c5 2. d4 cxd4 3. Qxd4 Nc6 4. Qd3 Nf6 5. Nc3 g6 6. Nf3 Bg7 7. Be2 0-0 8. 0-0 a6 9. Nd5 b5 10. c3 e6 11. Nxf6+ Bxf6 12. Bf4 Bb7 13. Rad1 Bc8 14. Bd6 Re8 15. e5 Bg7 16. Rfe1 Bf8 17. Nd4 Bxd6 18. Nxc6 dxc6 19. Qxd6 Qxd6 20. Rxd6 Rd8 21. Rxd8+ Kg7 22. Bf3 Bb7 23. Rxa8 Bxa8 24. Rd1 1-0

[Event "Titled Tuesday intern op 06th Feb Early"]
[Site "Chess.com INT"]
[Date "2024.02.06"]
[Round "6"]
[White "Dilmukhametov, Artur"]
[Black "Subramanian, Anusha"]
[Result "0-1"]
[WhiteElo "2276"]
[BlackElo "2013"]
[PlyCount "78"]
[EventDate "2024.02.06"]
[EventType "swiss (blitz)"]
[EventRounds "11"]
[EventCountry "USA"]
[SourceTitle "CB07_2024"]
[SourceDate "2024.02.14"]
[SourceVersion "1"]
[SourceVersionDate "2024.02.14"]
[SourceQuality "1"]

1. Nf3 d5 2. d4 Nf6 3. c4 c6 4. cxd5 cxd5 5. Nc3 Nc6 6. Bf4 a6 7. e3 e6 8. Bd3 Bd6 9. Bg3 0-0 10. Qc2 Qc7 11. Bh4 Nb4 12. Qb1 Nxd3+ 13. Qxd3 Be7 14. Bg3 Bd6 15. Bh4 Be7 16. Bg3 Qb6 17. Qc2 Bd7 18. 0-0 Rac8 19. Qb3 Qxb3 20. axb3 Bb4 21. Rfc1 Bxc3 22. Rxc3 Rxc3 23. bxc3 Rc8 24. Rc1 Ne4 25. c4 Nxg3 26. hxg3 Kf8 27. Ne5 Ke7 28. c5 f6 29. Nxd7 Kxd7 30. Kf1 b6 31. b4 a5 32. bxa5 bxc5 33. dxc5 Ra8 34. Rb1 Kc6 35. Rb6+ Kxc5 36. Rb7 Rxa5 37. Rxg7 Kc4 38. Rxh7 Kd3 39. Rf7 Ra1# 0-1

[Event "Titled Tuesday intern op 06th Feb Late"]
[Site "Chess.com INT"]
[Date "2024.02.06"]
[Round "1"]
[White "Dilmukhametov, Artur"]
[Black "Tari, Aryan"]
[Result "1/2-1/2"]
[WhiteElo "2276"]
[BlackElo "2635"]
[PlyCount "132"]
[EventDate "2024.02.06"]
[EventType "swiss (blitz)"]
[EventRounds "11"]
[EventCountry "USA"]
[SourceTitle "CB07_2024"]
[SourceDate "2024.02.14"]
[SourceVersion "1"]
[SourceVersionDate "2024.02.14"]
[SourceQuality "1"]

1. e4 e5 2. Nf3 Nc6 3. Bb5 a6 4. Ba4 Nf6 5. Bxc6 dxc6 6. d3 Nd7 7. 0-0 Bd6 8. Nbd2 0-0 9. Nc4 Re8 10. b3 Nf8 11. Bb2 Ng6 12. d4 Bg4 13. h3 Bxf3 14. Qxf3 exd4 15. Bxd4 Bh2+ 16. Kxh2 Qxd4 17. Rfe1 b5 18. Rad1 Qc5 19. Qe3 Qxe3 20. Nxe3 Rxe4 21. Rd7 Rc8 22. Red1 Nf8 23. Rd8 Re8 24. Rxc8 Rxc8 25. Nf5 Re8 26. Rd3 g6 27. Ne3 Ne6 28. Rd7 Rd8 29. Rxd8+ Nxd8 30. Kg3 Kf8 31. Kf4 Ke7 32. Ke5 f6+ 33. Ke4 Ne6 34. b4 Kd6 35. g4 c5 36. bxc5+ Nxc5+ 37. Kf3 Ne6 38. h4 c5 39. Ke4 Nd4 40. c3 Ne2 41. Kd3 Nf4+ 42. Ke4 Ne6 43. f4 Nc7 44. f5 Ne8 45. fxg6 hxg6 46. h5 f5+ 47. Nxf5+ gxf5+ 48. Kxf5 Ke7 49. h6 Kf7 50. g5 Nd6+ 51. Ke5 Nc4+ 52. Kd5 Kg6 53. Kxc5 Kf7 54. a4 Na3 55. axb5 axb5 56. Kb4 Nb1 57. h7 Kg7 58. g6 Kh8 59. Kb3 Nd2+ 60. Kb4 Ne4 61. c4 bxc4 62. Kxc4 Nf6 63. Kd4 Nxh7 64. gxh7 Kg7 65. Ke5 Kh8 66. Kf6 Kxh7 1/2-1/2

[Event "Titled Tuesday intern op 06th Feb Early"]
[Site "Chess.com INT"]
[Date "2024.02.06"]
[Round "5"]
[White "Mgeladze, Kesaria"]
[Black "Dilmukhametov, Artur"]
[Result "1-0"]
[WhiteElo "2040"]
[BlackElo "2276"]
[PlyCount "39"]
[EventDate "2024.02.06"]
[EventType "swiss (blitz)"]
[EventRounds "11"]
[EventCountry "USA"]
[SourceTitle "CB07_2024"]
[SourceDate "2024.02.14"]
[SourceVersion "1"]
[SourceVersionDate "2024.02.14"]
[SourceQuality "1"]

1. d4 Nf6 2. Nc3 e6 3. Bf4 d5 4. e3 c5 5. Qf3 cxd4 6. exd4 Nc6 7. 0-0-0 a5 8. Nb5 Be7 9. Nc7+ Kf8 10. Nxa8 a4 11. a3 Ne4 12. Bb5 Qa5 13. Nc7 Bg5 14. Bxc6 bxc6 15. Bxg5 Nxg5 16. Qf4 Ne4 17. f3 Nf6 18. Qd6+ Kg8 19. Qd8+ Ne8 20. Qxe8# 1-0

[Event "Titled Tuesday intern op 23rd Jan Late"]
[Site "Chess.com INT"]
[Date "2024.01.23"]
[Round "10"]
[White "Rose, Felix"]
[Black "Dilmukhametov, Artur"]
[Result "0-1"]
[WhiteElo "2091"]
[BlackElo "2276"]
[PlyCount "114"]
[EventDate "2024.01.23"]
[EventType "swiss (blitz)"]
[EventRounds "11"]
[EventCountry "USA"]
[SourceTitle "CB05_2024"]
[SourceDate "2024.01.31"]
[SourceVersion "1"]
[SourceVersionDate "2024.01.31"]
[SourceQuality "1"]

1. e4 e6 2. d4 d5 3. Nc3 Bb4 4. exd5 exd5 5. Bd3 c6 6. Nge2 Ne7 7. 0-0 Bf5 8. Ng3 Bg6 9. Nce2 0-0 10. Nf4 Nd7 11. Nxg6 hxg6 12. f4 Bd6 13. Bd2 Nf6 14. Qf3 Qd7 15. h3 Nf5 16. Nxf5 gxf5 17. Rae1 Ne4 18. Bc1 Rfe8 19. c3 Re6 20. Re2 Rg6 21. Re3 Re8 22. Rfe1 Ree6 23. Kh1 Rg3 24. Qf1 Reg6 25. Kh2 Rxg2+ 26. Qxg2 Bxf4+ 27. Kh1 Rxg2 28. Kxg2 Bxe3 29. Bxe3 Qd6 30. Bxe4 fxe4 31. Rf1 Qg6+ 32. Kh2 Qh5 33. Rf2 Qd1 34. Bf4 e3 35. Bxe3 Qe1 36. Rf3 Qe2+ 37. Kg3 Qxb2 38. Bf4 Qxa2 39. h4 Qa1 40. h5 a5 41. h6 gxh6 42. Kh2 Qb2+ 43. Kh3 a4 44. Bd6 f5 45. Rg3+ Kf7 46. Be5 a3 47. Rg7+ Kf8 48. Rh7 Qxc3+ 49. Kh2 a2 50. Rh8+ Kf7 51. Rh7+ Kg6 52. Rg7+ Kh5 53. Rg1 a1Q 54. Bg3 Qxg1+ 55. Kxg1 Qxg3+ 56. Kh1 Qe5 57. dxe5 Kg6 0-1

[Event "Titled Tuesday intern op 16th Jan Late"]
[Site "Chess.com INT"]
[Date "2024.01.16"]
[Round "9"]
[White "Dilmukhametov, Artur"]
[Black "Kleiman, Jake"]
[Result "1-0"]
[WhiteElo "2276"]
[BlackElo "2399"]
[PlyCount "111"]
[EventDate "2024.01.16"]
[EventType "swiss (blitz)"]
[EventRounds "11"]
[EventCountry "USA"]
[SourceTitle "CB04_2024"]
[SourceDate "2023.10.16"]
[SourceVersion "1"]
[SourceVersionDate "2023.10.16"]
[SourceQuality "1"]

1. e4 e5 2. Nf3 Nc6 3. Bb5 a6 4. Ba4 Nf6 5. 0-0 b5 6. Bb3 Bc5 7. c3 d6 8. d4 Bb6 9. dxe5 dxe5 10. Qe2 h6 11. Rd1 Qe7 12. h3 0-0 13. Nbd2 Nh5 14. Nf1 Rb8 15. Bd5 Nd8 16. Be3 Ne6 17. Bxb6 Nef4 18. Qe3 Rxb6 19. Ng3 Rg6 20. Kh2 Qf6 21. a4 Kh8 22. axb5 axb5 23. Ra8 Kh7 24. Rg1 Rd8 25. Nf5 Be6 26. Rxd8 Qxd8 27. N3h4 Rf6 28. g4 g6 29. gxh5 gxf5 30. Bxe6 fxe6 31. exf5 exf5 32. Qxe5 Qd6 33. Qxd6 Rxd6 34. Nxf5 Rd7 35. Re1 Nxh5 36. Re7+ Rxe7 37. Nxe7 Nf4 38. Kg3 Nd3 39. b4 Kg7 40. Nd5 c6 41. Ne7 Ne5 42. Kf4 Kf6 43. Ng8+ Ke6 44. Nxh6 Nd3+ 45. Ke3 Ne5 46. Ng4 Nc4+ 47. Kd4 Nd6 48. Ne3 Nb7 49. h4 Nd6 50. h5 Nf7 51. Kc5 Ne5 52. h6 Kd7 53. h7 Nf7 54. Ng4 Ke6 55. Kxc6 Kf5 56. Nh6+ 1-0

[Event "Titled Tuesday intern op 19th Dec Early"]
[Site "Chess.com INT"]
[Date "2023.12.19"]
[Round "1"]
[White "Dilmukhametov, Artur"]
[Black "Erdogan, Anil Berk"]
[Result "0-1"]
[WhiteElo "2276"]
[BlackElo "2091"]
[PlyCount "50"]
[EventDate "2023.12.19"]
[EventType "swiss (blitz)"]
[EventRounds "11"]
[EventCountry "USA"]
[SourceTitle "CB52_2023"]
[SourceDate "2023.12.27"]
[SourceVersion "1"]
[SourceVersionDate "2023.12.27"]
[SourceQuality "1"]

1. e4 c5 2. d4 cxd4 3. c3 g6 4. Nf3 Bg7 5. cxd4 d5 6. e5 Bg4 7. Be2 Nc6 8. 0-0 e6 9. a3 Nge7 10. b4 Qb6 11. Be3 Nf5 12. Nc3 Bxf3 13. Bxf3 Ncxd4 14. Na4 Nxf3+ 15. Qxf3 Qb5 16. Nc3 Qd3 17. Rac1 0-0 18. Rfd1 Qa6 19. a4 Nxe3 20. Qxe3 Rac8 21. b5 Qb6 22. Qe2 Rc4 23. Rd3 Rfc8 24. h4 d4 25. h5 Rxc3 0-1

[Event "Titled Tuesday intern op 26th Sep Early"]
[Site "Chess.com INT"]
[Date "2023.09.26"]
[Round "9"]
[White "Dilmukhametov, Artur"]
[Black "Abbasi Abeluie, Mohammad Mehdi"]
[Result "1-0"]
[WhiteElo "2276"]
[BlackElo "2117"]
[PlyCount "91"]
[EventDate "2023.09.26"]
[EventType "swiss (blitz)"]
[EventRounds "11"]
[EventCountry "USA"]
[SourceTitle "EXT 2024"]
[Source "ChessBase"]
[SourceDate "2023.10.10"]
[SourceVersion "1"]
[SourceVersionDate "2023.10.10"]
[SourceQuality "1"]

1. e4 c6 2. Nc3 d5 3. Qf3 dxe4 4. Nxe4 Nf6 5. Bc4 e6 6. Ne2 Be7 7. d4 Nbd7 8. N4g3 0-0 9. 0-0 Nd5 10. c3 b5 11. Bd3 N7f6 12. Nh5 g6 13. Nxf6+ Bxf6 14. Bh6 Bg7 15. Bxg7 Kxg7 16. a4 Bb7 17. axb5 cxb5 18. Bxb5 Qb6 19. Qd3 Rfc8 20. Ra2 a6 21. Ba4 a5 22. Bb5 Rab8 23. Rfa1 Ra8 24. h3 Rcb8 25. Bc4 Qc6 26. Bb5 Qb6 27. Ra3 Nc7 28. Bc4 Qc6 29. f3 Rd8 30. Rxa5 e5 31. Rxa8 Nxa8 32. d5 Qc5+ 33. Kh1 Nb6 34. b3 Bxd5 35. Bxd5 Rxd5 36. Qe4 Rd2 37. b4 Qf2 38. Qxe5+ f6 39. Ra7+ Nd7 40. Qe7+ Kh6 41. Rxd7 Rxe2 42. Qxh7+ Kg5 43. Rd5+ f5 44. h4+ Kf4 45. Rd4+ Ke3 46. Qe7# 1-0

[Event "Titled Tuesday intern op 26th Sep Late"]
[Site "Chess.com INT"]
[Date "2023.09.26"]
[Round "11"]
[White "Dilmukhametov, Artur"]
[Black "Danielyan, Vahe"]
[Result "0-1"]
[WhiteElo "2276"]
[BlackElo "2318"]
[PlyCount "130"]
[EventDate "2023.09.26"]
[EventType "swiss (blitz)"]
[EventRounds "11"]
[EventCountry "USA"]
[SourceTitle "EXT 2024"]
[Source "ChessBase"]
[SourceDate "2023.10.10"]
[SourceVersion "1"]
[SourceVersionDate "2023.10.10"]
[SourceQuality "1"]

1. e4 c5 2. Nf3 e6 3. c3 d5 4. e5 Nc6 5. d4 Bd7 6. a3 Qb6 7. b4 cxd4 8. cxd4 Nh6 9. Nc3 Nf5 10. Na4 Qd8 11. Bb2 a5 12. b5 Na7 13. Nc3 Rc8 14. a4 Bb4 15. Rc1 0-0 16. Bd3 g6 17. 0-0 Qe7 18. Qb3 Nh4 19. Ne1 Qg5 20. f4 Qh5 21. Be2 Qh6 22. Nd3 Be7 23. Nc5 Rxc5 24. dxc5 Bxc5+ 25. Kh1 Nf5 26. Nxd5 exd5 27. Rxc5 Be6 28. Qh3 Qg7 29. Qf3 h5 30. Rfc1 Nc8 31. Ba3 Nce7 32. Rc7 Re8 33. Rxb7 Nd4 34. Qf2 Nef5 35. Bd3 h4 36. h3 Ng3+ 37. Kg1 Ndf5 38. Bc5 d4 39. Bc4 Bxc4 40. Rxc4 d3 41. Rd7 Rxe5 42. fxe5 Qxe5 43. Rd8+ Kh7 44. Bd4 Ne2+ 45. Kf1 Nfg3+ 46. Ke1 Nxd4+ 47. Kd1 Ndf5 48. Rdd4 Nxd4 49. Rxd4 f5 50. Rxh4+ Kg8 51. Rd4 Ne4 52. Qe3 d2 53. Rxd2 Qa1+ 54. Ke2 Nxd2 55. Qxd2 Qxa4 56. Qd8+ Kg7 57. Qc7+ Kh6 58. b6 Qb5+ 59. Kf2 f4 60. Qxf4+ g5 61. Qc7 g4 62. hxg4 Kg5 63. b7 Qb2+ 64. Kg3 Qc3+ 65. Kf2 Qxc7 0-1

[Event "Titled Tuesday intern op 26th Sep Late"]
[Site "Chess.com INT"]
[Date "2023.09.26"]
[Round "10"]
[White "Dilmukhametov, Artur"]
[Black "Krzyzanowski, Marcin"]
[Result "1-0"]
[WhiteElo "2276"]
[BlackElo "2512"]
[PlyCount "97"]
[EventDate "2023.09.26"]
[EventType "swiss (blitz)"]
[EventRounds "11"]
[EventCountry "USA"]
[SourceTitle "EXT 2024"]
[Source "ChessBase"]
[SourceDate "2023.10.10"]
[SourceVersion "1"]
[SourceVersionDate "2023.10.10"]
[SourceQuality "1"]

1. e4 c6 2. Nc3 d5 3. Qf3 e6 4. d4 dxe4 5. Nxe4 Nd7 6. Bd3 Ngf6 7. Ne2 Nxe4 8. Qxe4 Nf6 9. Qh4 Be7 10. Bg5 h6 11. 0-0-0 Qd5 12. f4 Qxa2 13. g4 Bd7 14. Bxf6 Bxf6 15. g5 Be7 16. Kd2 0-0-0 17. Ra1 Qd5 18. c4 Bb4+ 19. Kc2 Qf3 20. Rhf1 Qe3 21. Qg3 Qxg3 22. hxg3 a5 23. g6 f5 24. Ng1 Be8 25. Nf3 Bxg6 26. Rh1 Bf7 27. c5 Rhf8 28. Rad1 Kc7 29. Bc4 b6 30. cxb6+ Kxb6 31. Ne5 Bg8 32. Ng6 Rfe8 33. Ne5 Rd6 34. Be2 Kc7 35. Bf3 Red8 36. Rc1 Rxd4 37. Nxc6 Rd2+ 38. Kb1 Kb6 39. Nxd8 Rxd8 40. Rc6+ Kb5 41. Rhc1 e5 42. Be2+ Ka4 43. fxe5 Rd2 44. R1c2 Rd4 45. e6 Re4 46. b3+ Kxb3 47. Bd1 Re1 48. Rb2+ Ka3 49. Ra2# 1-0

[Event "Titled Tuesday intern op 26th Sep Late"]
[Site "Chess.com INT"]
[Date "2023.09.26"]
[Round "9"]
[White "Esmeraldas Huachi, Anderson Yahir"]
[Black "Dilmukhametov, Artur"]
[Result "0-1"]
[WhiteElo "2120"]
[BlackElo "2276"]
[PlyCount "92"]
[EventDate "2023.09.26"]
[EventType "swiss (blitz)"]
[EventRounds "11"]
[EventCountry "USA"]
[SourceTitle "EXT 2024"]
[Source "ChessBase"]
[SourceDate "2023.10.10"]
[SourceVersion "1"]
[SourceVersionDate "2023.10.10"]
[SourceQuality "1"]

1. d4 d5 2. c4 c6 3. cxd5 cxd5 4. Nc3 Nc6 5. Bf4 Nf6 6. e3 e6 7. Nf3 Be7 8. Rc1 0-0 9. Bd3 a6 10. 0-0 Bd7 11. h3 b5 12. a4 b4 13. Nb1 Na5 14. Bc7 Qe8 15. Bxa5 Bxa4 16. b3 Bb5 17. Bc7 a5 18. Qe2 Bxd3 19. Qxd3 Ne4 20. Nbd2 Nc3 21. Nb1 Ne4 22. Nfd2 Nf6 23. e4 dxe4 24. Nxe4 Nd5 25. Bd6 f5 26. Nbd2 fxe4 27. Nxe4 Bxd6 28. Nxd6 Qd7 29. Ne4 Nf4 30. Qc4 Qxd4 31. Qxd4 Ne2+ 32. Kh2 Nxd4 33. Rb1 Rac8 34. Rfd1 Rfd8 35. Rd3 Rd5 36. Rbd1 Nxb3 37. Rxd5 exd5 38. Rxd5 a4 39. Rb5 a3 40. Rxb4 a2 41. Rxb3 a1Q 42. Ng3 Qe5 43. Re3 Qf4 44. Rf3 Qd6 45. h4 Rc4 46. Kh3 Qe6+ 0-1

[Event "Titled Tuesday intern op 26th Sep Late"]
[Site "Chess.com INT"]
[Date "2023.09.26"]
[Round "3"]
[White "Harish, Neeraj"]
[Black "Dilmukhametov, Artur"]
[Result "0-1"]
[WhiteElo "2042"]
[BlackElo "2276"]
[PlyCount "86"]
[EventDate "2023.09.26"]
[EventType "swiss (blitz)"]
[EventRounds "11"]
[EventCountry "USA"]
[SourceTitle "EXT 2024"]
[Source "ChessBase"]
[SourceDate "2023.10.10"]
[SourceVersion "1"]
[SourceVersionDate "2023.10.10"]
[SourceQuality "1"]

1. e4 e6 2. d4 d5 3. e5 c5 4. c3 Qb6 5. Nf3 Nc6 6. Bd3 cxd4 7. 0-0 Bd7 8. Re1 Bc5 9. b4 Bf8 10. b5 Na5 11. Nxd4 Rc8 12. a4 Nc4 13. Nd2 Ne7 14. Nxc4 dxc4 15. Be4 Nd5 16. a5 Qd8 17. Bxd5 exd5 18. e6 fxe6 19. Nxe6 Bxe6 20. Rxe6+ Kf7 21. Qg4 h5 22. Qf5+ Kg8 23. Bg5 Qd7 24. Rae1 h4 25. h3 d4 26. cxd4 c3 27. d5 Rh5 28. Qg6 Qf7 29. Qxf7+ Kxf7 30. Bc1 Rxd5 31. R6e4 Rxb5 32. Rf4+ Kg8 33. Rxh4 Rxa5 34. Kh2 Ra1 35. Rhe4 Ba3 36. Bxa3 Rxa3 37. Re7 c2 38. Re8+ Rxe8 39. Rxe8+ Kf7 40. Rc8 Ra2 41. Rc7+ Ke6 42. Kg3 Kd6 43. Kf3 Kxc7 0-1

[Event "Titled Tuesday intern op 19th Sep Late"]
[Site "Chess.com INT"]
[Date "2023.09.19"]
[Round "7"]
[White "Dilmukhametov, Artur"]
[Black "Hua, Lefong"]
[Result "1-0"]
[WhiteElo "2276"]
[BlackElo "2305"]
[PlyCount "59"]
[EventDate "2023.09.19"]
[EventType "swiss (blitz)"]
[EventRounds "11"]
[EventCountry "USA"]
[SourceTitle "EXT 2024"]
[Source "ChessBase"]
[SourceDate "2023.10.10"]
[SourceVersion "1"]
[SourceVersionDate "2023.10.10"]
[SourceQuality "1"]

1. d4 Nf6 2. Nc3 d5 3. Bf4 g6 4. Nf3 Bg7 5. Qd2 0-0 6. Bh6 c5 7. dxc5 Qa5 8. Bxg7 Kxg7 9. e4 dxe4 10. Nxe4 Qc7 11. Qc3 Nbd7 12. 0-0-0 Kg8 13. Nxf6+ Nxf6 14. Qe5 Qa5 15. Qxe7 Ng4 16. Bc4 Qb4 17. Rd8 Rxd8 18. Bxf7+ Kg7 19. Be8+ Kh6 20. Qxd8 Qf4+ 21. Kb1 Nxf2 22. Re1 b6 23. Ne5 Bb7 24. Qe7 Be4 25. Nf7+ Kh5 26. g4+ Kxg4 27. Nd6 Bf5 28. Rg1+ Kf3 29. Bc6+ Be4 30. Nxe4 1-0

[Event "Titled Tuesday intern op 19th Sep Early"]
[Site "Chess.com INT"]
[Date "2023.09.19"]
[Round "6"]
[White "Dilmukhametov, Artur"]
[Black "Matinian, Nikita"]
[Result "0-1"]
[WhiteElo "2276"]
[BlackElo "2421"]
[PlyCount "56"]
[EventDate "2023.09.19"]
[EventType "swiss (blitz)"]
[EventRounds "11"]
[EventCountry "USA"]
[SourceTitle "EXT 2024"]
[Source "ChessBase"]
[SourceDate "2023.10.10"]
[SourceVersion "1"]
[SourceVersionDate "2023.10.10"]
[SourceQuality "1"]

1. e4 c5 2. Nf3 d6 3. Bb5+ Nd7 4. 0-0 Ngf6 5. Re1 g6 6. c3 Bg7 7. d4 0-0 8. h3 Qb6 9. Bf1 d5 10. exd5 cxd4 11. c4 Nc5 12. Nxd4 Nfe4 13. Nc3 Nxf2 14. Kxf2 Bxd4+ 15. Qxd4 Nd3+ 16. Ke3 Qxd4+ 17. Kxd4 Nxe1 18. Bd3 e5+ 19. dxe6 Bxe6 20. Be4 Rfd8+ 21. Nd5 f5 22. Bg5 Rd7 23. Rxe1 fxe4 24. Rxe4 Bf7 25. Re5 Rc8 26. b3 b5 27. c5 h6 28. Be7 Bxd5 0-1

[Event "Titled Tuesday intern op 19th Sep Late"]
[Site "Chess.com INT"]
[Date "2023.09.19"]
[Round "6"]
[White "Domingo Nunez, Ruben"]
[Black "Dilmukhametov, Artur"]
[Result "0-1"]
[WhiteElo "2417"]
[BlackElo "2276"]
[PlyCount "24"]
[EventDate "2023.09.19"]
[EventType "swiss (blitz)"]
[EventRounds "11"]
[EventCountry "USA"]
[SourceTitle "EXT 2024"]
[Source "ChessBase"]
[SourceDate "2023.10.10"]
[SourceVersion "1"]
[SourceVersionDate "2023.10.10"]
[SourceQuality "1"]

1. b3 e5 2. Bb2 Nc6 3. e3 Nf6 4. Bb5 Bd6 5. Na3 Na5 6. Be2 c6 7. c4 0-0 8. Nf3 Qe7 9. Qc1 Bc7 10. Qc3 Re8 11. b4 Ne4 12. Qb3 Nxb3 0-1